| 000 | 00977nam a2200229 a 4500 | ||
|---|---|---|---|
| 001 | BS0003428 | ||
| 003 | BR-BrBNA | ||
| 005 | 20231010154641.0 | ||
| 008 | 230308b |||||||| |||| 00| 0 por d | ||
| 040 |
_aBR-BrBNA _bpor _cBiblioteca Nacional de Agricultura |
||
| 041 | _apor | ||
| 072 | _aS86 | ||
| 090 |
_aS86 _bBS0003428 |
||
| 100 | 1 | _aGraça Aranha, José Pereira da | |
| 245 | 1 | _aCanaã / | |
| 250 | 1 | _a7. ed | |
| 260 | 3 |
_aSão Paulo, SP: _bÁtica, _c1997. |
|
| 300 | _a194 p. | ||
| 520 | 3 | _aNuma pequena colônia alemã do Espírito Santo, Milkau e Lentz vivem o desafio de construir uma nova vida em terra estrangeira. Canaã retrata a saga dos imigrantes europeus no Brasil do início do século e seu sonho de encontrar a "terra prometida". Mostrando o confronto entre visões de mundo antagônicas e a violência dos preconceitos raciais, é uma obra fundamental para a compreensão da cultura brasileira. | |
| 650 | _aLITERATURA BRASILEIRA | ||
| 942 |
_cBK _2AGRIS |
||
| 999 |
_c8490 _d8490 |
||